[Event "Targu Mures op"]
[Site "Targu Mures"]
[Date "2019.10.19"]
[Round "4"]
[White "Petre, Nad Titus"]
[Black "Moga, Victor Emilian"]
[Result "1-0"]
[WhiteElo "2306"]
[BlackElo "1760"]
[PlyCount "109"]
[EventDate "2019.10.17"]
[EventType "swiss"]
[EventRounds "7"]
[EventCountry "ROU"]
[SourceTitle "CBM 192 Extra"]
[Source "Chessbase"]
[SourceDate "2019.11.06"]
[SourceVersion "1"]
[SourceVersionDate "2019.11.06"]
[SourceQuality "1"]

1. e4 c5 2. Be2 Nc6 3. f4 e6 4. Nf3 Nf6 5. d3 d6 6. 0-0 g6 7. c3 Bg7 8. Kh1 b6 9. Be3 Bb7 10. Nbd2 Ng4 11. Bg1 h5 12. Ng5 Nh6 13. Ndf3 Qd7 14. d4 Rd8 15. Bd3 0-0 16. Qd2 Ne7 17. Rad1 Qc8 18. Qe2 a6 19. Bf2 cxd4 20. Bxd4 Bxd4 21. cxd4 b5 22. a3 Ng4 23. Nd2 Nf6 24. h3 Qd7 25. Qf2 Nh7 26. Ngf3 f5 27. Nh4 Kg7 28. Qg3 Rf6 29. d5 Kh8 30. dxe6 Qxe6 31. Rde1 Qf7 32. exf5 Nxf5 33. Bxf5 gxf5 34. Qc3 Rg8 35. Rf2 Nf8 36. Nxf5 Qg6 37. Ne7 Qg7 38. Nxg8 Kxg8 39. Ne4 Re6 40. Qxg7+ Kxg7 41. Rfe2 Ng6 42. f5 Rxe4 43. Rxe4 Ne5 44. Rxe5 dxe5 45. Rxe5 Kf6 46. Rc5 Be4 47. Kh2 Bxf5 48. Rc6+ Kg5 49. Rxa6 h4 50. Ra5 Bd3 51. a4 Kf6 52. Rxb5 Bxb5 53. axb5 Ke6 54. g3 Kd6 55. gxh4 1-0

[Event "Iasi op"]
[Site "Iasi"]
[Date "2014.05.12"]
[Round "3"]
[White "Moga, Victor Emilian"]
[Black "Ciobanu, Camelia Adriana"]
[Result "1-0"]
[WhiteElo "1897"]
[BlackElo "2179"]
[PlyCount "85"]
[EventDate "2014.05.10"]
[EventType "swiss"]
[EventRounds "9"]
[EventCountry "ROU"]
[SourceTitle "CBM 160 Extra"]
[Source "ChessBase"]
[SourceDate "2014.07.01"]
[SourceVersion "1"]
[SourceVersionDate "2014.07.01"]
[SourceQuality "1"]

1. e4 e6 2. d4 d5 3. Nd2 Nf6 4. e5 Nfd7 5. Bd3 c5 6. c3 Nc6 7. Ne2 cxd4 8. cxd4 Nb6 9. 0-0 Bd7 10. Nf3 h6 11. a3 a5 12. g3 a4 13. Re1 Na5 14. Bc2 Bb5 15. Nc3 Qd7 16. Nxb5 Qxb5 17. Re3 Be7 18. Rb1 Nac4 19. Rc3 Qa5 20. b4 Qb5 21. Qd3 Qd7 22. h3 Bd8 23. Qd1 Nc8 24. Ne1 f5 25. exf6 Bxf6 26. Bg6+ Kd8 27. Nf3 b5 28. Bf4 Ne7 29. Bd3 Nc6 30. Bxc4 dxc4 31. Qe2 Kc8 32. Re3 Nd8 33. Rd1 Ra6 34. Ne5 Qd5 35. Ng6 Re8 36. Be5 Nf7 37. Nf4 Qd7 38. Bxf6 gxf6 39. Nh5 e5 40. dxe5 Qxh3 41. Nxf6 Re7 42. Rd5 Rb6 43. Rc5+ 1-0

[Event "Iasi op"]
[Site "Iasi"]
[Date "2014.05.10"]
[Round "1"]
[White "Moga, Victor Emilian"]
[Black "Badea, Bela"]
[Result "0-1"]
[WhiteElo "1897"]
[BlackElo "2491"]
[PlyCount "90"]
[EventDate "2014.05.10"]
[EventType "swiss"]
[EventRounds "9"]
[EventCountry "ROU"]
[SourceTitle "CBM 160 Extra"]
[Source "ChessBase"]
[SourceDate "2014.07.01"]
[SourceVersion "1"]
[SourceVersionDate "2014.07.01"]
[SourceQuality "1"]

1. d4 d6 2. c4 e5 3. Nc3 exd4 4. Qxd4 Nc6 5. Qd1 Nf6 6. Bg5 Be7 7. Nf3 h6 8. Bh4 Ne5 9. Nxe5 dxe5 10. Qc2 c6 11. Bg3 Qa5 12. a3 Nh5 13. Rd1 f5 14. f3 Nxg3 15. hxg3 0-0 16. e3 Qc5 17. Qf2 Bg5 18. f4 Bf6 19. b4 Qe7 20. Ne2 a5 21. c5 axb4 22. axb4 Ra3 23. fxe5 Qxe5 24. Qf4 Qe7 25. Nd4 Rxe3+ 26. Kf2 Re4 27. Bc4+ Kh7 28. Qd6 Qxd6 29. cxd6 Bxd4+ 30. Kf1 Bd7 31. Bd3 Re6 32. Rh4 Rxd6 33. Rf4 Be5 34. Rf3 Kh8 35. Re1 Bc3 36. Re7 Bxb4 37. Be2 Rd4 38. Ree3 b5 39. Kg1 Bd6 40. Rf1 c5 41. Ra1 c4 42. Bf3 b4 43. Kf2 b3 44. Ra7 Bc5 45. Rxd7 Rxd7 0-1

[Event "ROM-ch"]
[Site "Targu Mures"]
[Date "2014.04.28"]
[Round "4"]
[White "Moga, Victor Emilian"]
[Black "Martian, Dragos Daniel"]
[Result "0-1"]
[WhiteElo "1897"]
[BlackElo "2188"]
[PlyCount "93"]
[EventDate "2014.04.26"]
[EventType "swiss"]
[EventRounds "11"]
[EventCountry "ROU"]
[SourceTitle "CBM 160 Extra"]
[Source "ChessBase"]
[SourceDate "2014.07.01"]
[SourceVersion "1"]
[SourceVersionDate "2014.07.01"]
[SourceQuality "1"]

1. e4 c5 2. f4 d5 3. e5 Nc6 4. c3 d4 5. d3 h5 6. Nf3 Nh6 7. Be2 Bf5 8. c4 e6 9. Nbd2 Be7 10. a3 Qc7 11. h3 Bh7 12. Ne4 0-0-0 13. Nfg5 h4 14. Bf3 Bg8 15. Bg4 Qd7 16. Be2 f6 17. Nf3 Bh7 18. Nf2 Nf5 19. 0-0 Ne3 20. Bxe3 dxe3 21. Ne4 Qc7 22. Qa4 fxe5 23. fxe5 Kb8 24. b4 Bxe4 25. dxe4 Nxe5 26. Qb3 Nxf3+ 27. Rxf3 Bf6 28. Rb1 Rd2 29. Rxf6 gxf6 30. Qxe3 Rd4 31. bxc5 Qxc5 32. Qf2 a6 33. Kf1 Ka8 34. Qf3 e5 35. Qb3 Rh7 36. Qf3 Rh8 37. Qb3 Rb8 38. a4 f5 39. Qb6 Qxb6 40. Rxb6 fxe4 41. Re6 Rf8+ 42. Ke1 Rf5 43. Rh6 e3 44. Re6 Ka7 45. a5 e4 46. Re7 Rxa5 47. Bg4 0-1

[Event "ROM-ch"]
[Site "Targu Mures"]
[Date "2014.04.27"]
[Round "3"]
[White "Dobrin, Catalin"]
[Black "Moga, Victor Emilian"]
[Result "0-1"]
[WhiteElo "1839"]
[BlackElo "1897"]
[PlyCount "76"]
[EventDate "2014.04.26"]
[EventType "swiss"]
[EventRounds "11"]
[EventCountry "ROU"]
[SourceTitle "CBM 160 Extra"]
[Source "ChessBase"]
[SourceDate "2014.07.01"]
[SourceVersion "1"]
[SourceVersionDate "2014.07.01"]
[SourceQuality "1"]

1. c4 c5 2. Nf3 Nc6 3. Nc3 e6 4. d4 cxd4 5. Nxd4 a6 6. a3 Nf6 7. e4 Qc7 8. Bg5 Be7 9. Nxc6 bxc6 10. Bd3 h6 11. Bh4 Nxe4 12. Nxe4 Bxh4 13. Qg4 Bf6 14. Nxf6+ gxf6 15. 0-0 Bb7 16. Qg7 Ke7 17. Bg6 Rhf8 18. Rad1 c5 19. Rfe1 Bc6 20. Rd3 Qf4 21. Rh3 Qg4 22. Rg3 Qxc4 23. Rh3 Qf4 24. Rg3 Qd2 25. Rb1 Rab8 26. Bh5 Rxb2 27. Rf1 Bb5 28. Rd1 Qxf2+ 29. Kh1 Bc6 30. Rg1 Qf5 31. Bg6 Qe5 32. Bd3 Ra2 33. Qxh6 Rxa3 34. Qh7 c4 35. Bxc4 Rxg3 36. hxg3 Qxg3 37. Bxa6 Rg8 38. Qh2 Qg7 0-1

[Event "Satu Mare Tasnad op"]
[Site "Satu Mare"]
[Date "2013.09.28"]
[Round "5"]
[White "Balla, Tibor"]
[Black "Moga, Victor Emilian"]
[Result "1-0"]
[WhiteElo "2023"]
[BlackElo "1911"]
[PlyCount "43"]
[EventDate "2013.09.26"]
[EventType "swiss"]
[EventRounds "7"]
[EventCountry "ROU"]
[SourceTitle "EXT 2014"]
[Source "ChessBase"]
[SourceDate "2013.11.20"]
[SourceVersion "1"]
[SourceVersionDate "2013.11.20"]
[SourceQuality "1"]

1. d4 d5 2. c4 dxc4 3. Nc3 e6 4. e3 Nf6 5. Bxc4 c6 6. Nf3 Qc7 7. 0-0 Nbd7 8. e4 b5 9. Bd3 Nb6 10. Bg5 Be7 11. Rc1 Qd8 12. Qe2 h6 13. Bf4 0-0 14. Rfd1 b4 15. Nb1 Bb7 16. e5 Nfd5 17. Qe4 f5 18. exf6 Rxf6 19. Qh7+ Kf7 20. Ne5+ Ke8 21. Bg6+ Rxg6 22. Qxg6+ 1-0